000 00583nam a2200205Ii 4500
001 13221
003 CO-ViMGA
008 241108s9999||||xx |||||||||||||| ||und||
040 _aCO-ViMGA
_bspa
_erda
_cCO-ViMGA
041 0 _aspa
082 0 4 _aF.FC 804 - R61p
100 1 _aAlain Robbe - Grillet
_944278
245 1 0 _aPor una novela nueva
264 1 _aMadrid, EspaƱa : Seix Barral, 1965
300 _avolumen
336 _atext
_btxt
_2rdacontent
337 _aunmediated
_bn
_2rdamedia
338 _avolume
_bnc
_2rdacarrier
940 _aidficha_siabuc: 12923. -- ficha_no_siabuc:13221
999 _c38732
_d38732